[Event "European Online CC PlayC"]
[Site "Tornelo INT"]
[Date "2021.03.29"]
[Round "2.3"]
[Board "3"]
[White "Esipenko, Andrey"]
[Black "Jones, Gawain C B"]
[Result "1-0"]
[WhiteTitle "GM"]
[BlackTitle "GM"]
[WhiteElo "2701"]
[BlackElo "2670"]
[WhiteTeam "Mednyi Vsadnik"]
[BlackTeam "4NCL Guildford"]
[WhiteFideId "24175439"]
[BlackFideId "409561"]
[EventDate "2021.03.29"]
[EventType "team"]

1. d4 Nf6 2. c4 g6 3. Nc3 Bg7 4. e4 d6 5. Be2 O-O 6. Be3 a6 7. Nf3 c6 8. h3 Qc7
9. O-O Nbd7 10. Qc2 b6 11. Rfd1 e5 12. dxe5 dxe5 13. b4 Re8 14. c5 b5 15. a4 Bb7
16. Qb3 Rad8 17. axb5 axb5 18. Bxb5 cxb5 19. Nxb5 Qb8 20. Nd6 Re7 21. Ng5 Rf8
22. b5 h6 23. Nxb7 Qxb7 24. c6 Qb8 25. Nf3 Nb6 26. Ra6 Na8 27. b6 Nc7 28. Ra3
Ne6 29. b7 Qc7 30. Ra8 Ree8 31. Rxe8 Rxe8 32. Ba7 Qxc6 33. b8=Q Rxb8 34. Bxb8
Nxe4 35. Bxe5 Qc5 36. Qe3 Qxe3 37. fxe3 h5 38. Bxg7 Kxg7 39. Rd7 Kf6 40. Kf1
Ng3+ 41. Ke1 g5 42. Rd5 h4 43. Nd4 Nc7 44. Rd6+ Ke7 45. Rc6 Nd5 46. Kf2 Nb4 47.
Rb6 Nd3+ 48. Kg1 f6 49. Rb3 Nc5 50. Rb6 Nce4 51. Rb2 Kd6 52. Ne2 Nf5 53. Rb3 Ke7
54. Ra3 Kf7 55. Kf1 Nd2+ 56. Ke1 Nc4 57. Ra7+ Kg6 58. e4 Nfe3 59. Kf2 Nd1+ 60.
Kg1 Nde3 61. Nc3 g4 62. hxg4 Nxg4 63. Nd5 Nd2 64. Ra4 Kg5 65. Rb4 Ne5 66. Ra4
Ng4 67. Ne7 Ne5 68. Kf2 Ndc4 69. Nf5 Nd3+ 70. Kg1 Nde5 71. Ra8 Nd2 72. Rg8+ Kf4
73. Nxh4 Nxe4 74. Ng6+ Nxg6 75. Rxg6 Kf5 76. Rg8 Kf4 77. Kh2 Ng5 78. Rg7 Kg4 79.
Kg1 Kf4 80. Ra7 Ne4 81. Ra4 f5 82. Ra8 Kg4 83. Kh2 Kg5 84. Rg8+ Kf4 85. Kh3 Nf6
86. Rg6 Ne4 87. Kh4 Ke3 88. Ra6 Kf2 89. Kh3 Ng5+ 90. Kh2 Ke3 91. Kg3 Ne4+ 92.
Kh3 Kf4 93. Kh4 Ke3 94. Ra3+ Kf4 95. Rf3+ Ke5 96. Kh5 Nd2 97. Rd3 Nc4 98. Kg5
Ke4 99. Rd8 Ne3 100. Re8+ Kd3 101. Rxe3+ 1-0

[Event "European Online CC PlayC"]
[Site "Tornelo INT"]
[Date "2021.03.29"]
[Round "2.3"]
[Board "4"]
[White "Cheparinov, Ivan"]
[Black "Shimanov, Aleksandr"]
[Result "1/2-1/2"]
[WhiteTitle "GM"]
[BlackTitle "GM"]
[WhiteElo "2667"]
[BlackElo "2597"]
[WhiteTeam "4NCL Guildford"]
[BlackTeam "Mednyi Vsadnik"]
[WhiteFideId "2905540"]
[BlackFideId "4198603"]
[EventDate "2021.03.29"]
[EventType "team"]

1. d4 d5 2. Nf3 e6 3. c4 Nf6 4. g3 Be7 5. Bg2 O-O 6. O-O Nbd7 7. Nc3 dxc4 8. a4
c5 9. a5 a6 10. d5 exd5 11. Nxd5 Nxd5 12. Qxd5 Nf6 13. Qxc4 Be6 14. Qc2 Nd5 15.
Rd1 Nb4 16. Qa4 Qe8 17. Qxe8 Raxe8 18. Bg5 h6 19. Bxe7 Rxe7 20. Rac1 Rc8 21. Rd2
g6 22. Ne5 Kg7 23. Bf3 Na2 24. Ra1 Nb4 25. Rc1 Na2 26. Ra1 Nb4 27. Ng4 Nc6 28.
Bxc6 Bxg4 29. Bg2 Bxe2 30. Re1 Rce8 31. f4 Bb5 32. Rxe7 Rxe7 33. Kf2 Rc7 34. Rd6
Bc6 35. Bxc6 bxc6 36. Kf3 Kf8 1/2-1/2

[Event "European Online CC PlayC"]
[Site "Tornelo INT"]
[Date "2021.03.29"]
[Round "3.1"]
[Board "1"]
[White "Howell, David W L"]
[Black "Vachier-Lagrave, Maxime"]
[Result "1/2-1/2"]
[WhiteTitle "GM"]
[BlackTitle "GM"]
[WhiteElo "2658"]
[BlackElo "2758"]
[WhiteTeam "4NCL Guildford"]
[BlackTeam "OSG Baden Baden e.V."]
[WhiteFideId "410608"]
[BlackFideId "623539"]
[EventDate "2021.03.29"]
[EventType "team"]

1. Nf3 Nf6 2. c4 c6 3. g3 d5 4. Bg2 g6 5. b3 Bg7 6. Bb2 Bg4 7. d3 Bxf3 8. Bxf3
O-O 9. O-O Nbd7 10. Nd2 e6 11. Bg2 a5 12. Rc1 a4 13. b4 a3 14. Ba1 Ne8 15. Bxg7
Nxg7 16. Qb3 Nf5 17. e3 Qb6 18. d4 Qa6 19. Rc2 b5 20. c5 Ra7 21. Rb1 Re8 22. Bh3
Nf6 23. Qc3 Qb7 24. Rb3 Rea8 25. Qa1 h5 26. Rcc3 h4 27. Qc1 hxg3 28. hxg3 Qc7
29. Kg2 Ne7 30. Rxa3 Ne4 31. Rxa7 Qxa7 32. Rc2 Qa4 33. Rb2 Qa3 34. Nb1 Qa7 35.
Bg4 Kg7 36. Nd2 Qa3 37. Nb1 Qa7 38. Nd2 Nf6 39. Bf3 Rh8 40. Qa1 Nf5 41. Rb1 Qa3
42. Rb3 Qa7 43. Rb1 Ra8 44. Rb2 Rh8 45. Rb1 1/2-1/2

[Event "European Online CC PlayC"]
[Site "Tornelo INT"]
[Date "2021.03.29"]
[Round "3.1"]
[Board "2"]
[White "Rapport, Richard"]
[Black "McShane, Luke J"]
[Result "1/2-1/2"]
[WhiteTitle "GM"]
[BlackTitle "GM"]
[WhiteElo "2763"]
[BlackElo "2674"]
[WhiteTeam "OSG Baden Baden e.V."]
[BlackTeam "4NCL Guildford"]
[WhiteFideId "738590"]
[BlackFideId "404853"]
[EventDate "2021.03.29"]
[EventType "team"]

1. c4 c5 2. Nc3 g6 3. g4 Bg7 4. Bg2 Nc6 5. d3 d6 6. g5 f5 7. h4 e6 8. h5 Nge7 9.
Qd2 Rf8 10. b3 d5 11. hxg6 hxg6 12. cxd5 exd5 13. Rh7 Rf7 14. Rxg7 Rxg7 15. d4
cxd4 16. Nb5 Qb6 17. Nd6+ Kd7 18. Ba3 a5 19. Nf3 Nb4 20. Nxc8 Rxc8 21. Kf1 Rc2
22. Qf4 Nec6 23. Ne1 Rc3 24. Bb2 Rc5 25. Rd1 Qc7 26. Qd2 Nxa2 27. Nd3 Rb5 28.
Nf4 Qe5 29. Nd3 Qd6 30. Nf4 Qb4 31. Bxd5 Qxd2 32. Rxd2 Nab4 33. Bc4 Re5 34. e3
Re4 35. Ne2 Kc7 36. exd4 Rd7 37. Nc3 Rh4 38. d5 Na7 39. Re2 b5 40. Bxb5 Nxb5 41.
Nxb5+ Kb6 42. Nc3 Nd3 43. Re6+ Kb7 44. Ba3 Nf4 45. f3 Nxe6 46. dxe6 Rd8 47. e7
Re8 48. Nd5 Rh7 49. Kf2 Kc6 50. Nf4 Rg7 51. Ke3 Rgxe7+ 52. Bxe7 Rxe7+ 53. Kd4
Rb7 54. Nxg6 Rxb3 55. Ne7+ Kb5 56. g6 Rxf3 57. g7 Rg3 58. g8=R Rxg8 59. Nxg8 Kb4
60. Ne7 a4 61. Nxf5 a3 62. Ne3 a2 63. Kd3 Kb3 64. Nc2 Kb2 65. Na1 Kxa1 66. Kc2 1/2-1/2

[Event "European Online CC PlayC"]
[Site "Tornelo INT"]
[Date "2021.03.29"]
[Round "3.1"]
[Board "3"]
[White "Jones, Gawain C B"]
[Black "Bacrot, Etienne"]
[Result "1/2-1/2"]
[WhiteTitle "GM"]
[BlackTitle "GM"]
[WhiteElo "2670"]
[BlackElo "2678"]
[WhiteTeam "4NCL Guildford"]
[BlackTeam "OSG Baden Baden e.V."]
[WhiteFideId "409561"]
[BlackFideId "605506"]
[EventDate "2021.03.29"]
[EventType "team"]

1. e4 c5 2. Nc3 Nc6 3. Bb5 Nd4 4. Nf3 a6 5. Bd3 Nc6 6. O-O g6 7. Re1 Bg7 8. e5
Nh6 9. Be4 Nd4 10. Nxd4 cxd4 11. Nd5 e6 12. Nf6+ Bxf6 13. exf6 Qxf6 14. d3 Ng8
15. Qg4 Qg7 16. Qf3 Ne7 17. Bf4 g5 18. Bxb7 g4 19. Qe4 f5 20. Qe5 Qxe5 21. Bxe5
Bxb7 22. Bxh8 Ng6 23. Bxd4 Nh4 24. f3 Bxf3 25. g3 Ng6 26. b4 h5 27. Kf2 h4 28.
a4 Kf7 29. b5 d6 30. Ke3 e5 31. Bb2 f4+ 32. gxf4 exf4+ 33. Kd2 g3 34. hxg3 hxg3
35. Bd4 Bg2 36. Reb1 Nh4 37. Kc3 axb5 38. Rxb5 f3 39. Rh5 Ng6 40. Rf5+ Ke7 41.
Rg5 Nh4 42. Rxg3 Rc8+ 43. Kd2 Nf5 44. Rg4 Nxd4 45. Rxd4 Rf8 46. Re4+ Kd7 47. Rg4
Kc6 48. Rg3 Kc5 49. c4 f2 50. Rxg2 f1=Q 51. Rxf1 Rxf1 52. Kc3 Rc1+ 53. Rc2 Ra1
54. d4+ Kc6 55. Kb3 Rd1 56. Kc3 Ra1 57. Kb3 Rd1 58. d5+ Kc5 59. a5 Rd3+ 60. Rc3
Rxc3+ 61. Kxc3 1/2-1/2

[Event "European Online CC PlayC"]
[Site "Tornelo INT"]
[Date "2021.03.29"]
[Round "3.1"]
[Board "4"]
[White "Shirov, Alexei"]
[Black "Cheparinov, Ivan"]
[Result "0-1"]
[WhiteTitle "GM"]
[BlackTitle "GM"]
[WhiteElo "2662"]
[BlackElo "2667"]
[WhiteTeam "OSG Baden Baden e.V."]
[BlackTeam "4NCL Guildford"]
[WhiteFideId "2209390"]
[BlackFideId "2905540"]
[EventDate "2021.03.29"]
[EventType "team"]

1. e4 c5 2. Nc3 d6 3. d4 cxd4 4. Qxd4 Nc6 5. Qd2 g6 6. b3 Bh6 7. f4 Nf6 8. Bb2
O-O 9. O-O-O a5 10. a4 Nb4 11. Nf3 Bg4 12. Kb1 Rc8 13. Bc4 Qb6 14. h3 Bxf3 15.
gxf3 Nh5 16. Ne2 Rxc4 17. bxc4 Rc8 18. Qc3 Bg7 19. Qb3 Bxb2 20. Kxb2 Qc5 21. f5
Qe5+ 22. Kb1 Nf6 23. Nc3 Rc5 24. Nb5 Kf8 25. fxg6 hxg6 26. h4 Qe6 27. Rd4 Rh5
28. c5 Rxc5 29. Qxe6 fxe6 30. Rd2 Kf7 31. Rg1 Nc6 32. Nd4 Ne5 33. Rf1 Nc4 34.
Rd3 Rh5 35. Ka2 Nd7 36. Rc3 Ndb6 37. Rb1 Rxh4 38. Nb5 d5 39. Rcb3 Nxa4 40. Nc3
Nxc3+ 41. Rxc3 b6 42. Rg1 Rh2 43. Kb1 b5 44. Rd3 b4 45. exd5 exd5 46. Rxd5 Na3+
47. Kb2 Rxc2+ 48. Kb3 Rc3+ 49. Ka4 Nc4 50. Kb5 b3 51. Rd4 Na3+ 52. Kxa5 b2 53.
Rf4+ Kg7 54. Re4 b1=Q 55. Rxb1 Nxb1 0-1

[Event "European Online CC PlayC"]
[Site "Tornelo INT"]
[Date "2021.03.29"]
[Round "3.2"]
[Board "1"]
[White "Duda, Jan-Krzysztof"]
[Black "Fedoseev, Vladimir3"]
[Result "1-0"]
[WhiteTitle "GM"]
[BlackTitle "GM"]
[WhiteElo "2729"]
[BlackElo "2687"]
[WhiteTeam "Poland Hussars"]
[BlackTeam "Mednyi Vsadnik"]
[WhiteFideId "1170546"]
[BlackFideId "24130737"]
[EventDate "2021.03.29"]
[EventType "team"]

1. d4 d5 2. c4 e6 3. Nf3 Nf6 4. Nc3 a6 5. cxd5 exd5 6. Qb3 c6 7. Bg5 Be7 8. e3
Nbd7 9. Bd3 O-O 10. O-O Re8 11. Qc2 g6 12. Bf4 Nh5 13. Nxd5 Nxf4 14. Nxf4 Bd6
15. Ne2 c5 16. Rfd1 Qe7 17. Bc4 Rb8 18. Rac1 b5 19. Bd5 c4 20. e4 Nb6 21. Bc6
Rd8 22. e5 Bc7 23. Nc3 f6 24. a4 fxe5 25. dxe5 Bg4 26. axb5 Bxf3 27. Bxf3 axb5
28. Re1 b4 29. Na4 Rd4 30. Nxb6 Bxb6 31. Rcd1 Rbd8 32. Rxd4 Rxd4 33. g3 Qe6 34.
Kg2 Kg7 35. h4 Bc5 36. Re2 Rd7 37. Qe4 h5 38. Rc2 Rd4 39. Qb7+ Kh6 40. Qb8 Kg7
41. Be4 Be7 42. Bf3 Qf5 43. Re2 Qe6 44. Qc7 Rd7 45. Qc8 Kf7 46. Re4 c3 47. bxc3
b3 48. Be2 Kg7 49. Bc4 Qf5 50. Qg8+ Kh6 51. Qh8# 1-0

[Event "European Online CC PlayC"]
[Site "Tornelo INT"]
[Date "2021.03.29"]
[Round "3.2"]
[Board "2"]
[White "Matlakov, Maxim"]
[Black "Moranda, Wojciech"]
[Result "1/2-1/2"]
[WhiteTitle "GM"]
[BlackTitle "GM"]
[WhiteElo "2688"]
[BlackElo "2618"]
[WhiteTeam "Mednyi Vsadnik"]
[BlackTeam "Poland Hussars"]
[WhiteFideId "4168003"]
[BlackFideId "1122401"]
[EventDate "2021.03.29"]
[EventType "team"]

1. d4 Nf6 2. Nc3 d5 3. Bf4 a6 4. e3 Bf5 5. Nf3 e6 6. Ne5 Nfd7 7. g4 Bg6 8. Nxg6
hxg6 9. e4 Nf6 10. exd5 Nxd5 11. Bg3 Bb4 12. Qd3 c6 13. Bg2 Qa5 14. O-O Bxc3 15.
bxc3 Qxc3 16. Qd1 Nd7 17. Re1 O-O 18. Rb1 b5 19. Rb3 Qa5 20. h4 Rad8 21. g5 Rfe8
22. Bxd5 cxd5 23. Kg2 Rc8 24. a3 Rc3 25. Rh1 Rxb3 26. cxb3 Qd8 27. Qg4 f5 28.
gxf6 Qxf6 29. Rc1 Qf7 30. Rc7 Re7 31. Qg5 Nf6 32. Rxe7 Qxe7 33. Qxg6 Qxa3 34. h5
Qe7 35. h6 Qf7 36. Qg5 Ne4 37. Qd8+ Kh7 38. hxg7 Qxg7 39. Qh4+ Kg8 40. Qd8+ Kh7
41. Qh4+ Kg8 42. Qd8+ Kh7 1/2-1/2

[Event "European Online CC PlayC"]
[Site "Tornelo INT"]
[Date "2021.03.29"]
[Round "3.2"]
[Board "3"]
[White "Tomczak, Jacek"]
[Black "Esipenko, Andrey"]
[Result "0-1"]
[WhiteTitle "GM"]
[BlackTitle "GM"]
[WhiteElo "2610"]
[BlackElo "2701"]
[WhiteTeam "Poland Hussars"]
[BlackTeam "Mednyi Vsadnik"]
[WhiteFideId "1124668"]
[BlackFideId "24175439"]
[EventDate "2021.03.29"]
[EventType "team"]

1. e4 e5 2. Nf3 Nf6 3. Nxe5 d6 4. Nf3 Nxe4 5. Bd3 d5 6. O-O Be7 7. Re1 Nd6 8.
Nc3 c6 9. Qe2 Nd7 10. b4 Nf8 11. b5 Ne6 12. bxc6 bxc6 13. Ne5 Bd7 14. Ba3 O-O
15. Rab1 Be8 16. Qg4 Qc7 17. Qg3 Rd8 18. Ng4 Kh8 19. Qh3 Ng5 20. Qe3 Ne6 21. Qh3
Ng5 22. Qe3 Ne6 23. Qe5 Qc8 24. Re3 d4 25. Rh3 f5 26. Ne2 Bg6 27. Nxd4 Nxd4 28.
Qxe7 fxg4 29. Bxg6 gxh3 30. Qh4 h6 31. Qxd4 Nb5 32. Qb4 Nxa3 33. Qxa3 Rxd2 34.
Qxh3 Qxh3 35. gxh3 Rdxf2 36. h4 h5 37. Bxh5 R2f4 38. Kg2 Rxh4 39. Be2 Ra4 40.
Rb3 g5 41. Rb7 Rxa2 42. Bd3 Ra4 43. Kg3 Rf6 44. Re7 Kg8 45. Re5 g4 46. Be4 Kf7
47. Bd3 a5 48. Rc5 Ke7 49. Be2 Kd6 50. Rc3 Ra1 51. Kg2 a4 52. Bxg4 a3 53. Bf3 c5
54. Rd3+ Ke7 55. Bd5 Ra6 56. Re3+ Kf6 57. Bc4 Ra5 58. Re6+ Kf5 59. Rd6 a2 60.
Kf3 Rf1+ 61. Bxf1 a1=Q 62. Bh3+ Ke5 63. Re6+ Kd5 0-1

[Event "European Online CC PlayC"]
[Site "Tornelo INT"]
[Date "2021.03.29"]
[Round "3.2"]
[Board "4"]
[White "Shimanov, Aleksandr"]
[Black "Teclaf, Pawel"]
[Result "1-0"]
[WhiteTitle "GM"]
[BlackTitle "IM"]
[WhiteElo "2597"]
[BlackElo "2507"]
[WhiteTeam "Mednyi Vsadnik"]
[BlackTeam "Poland Hussars"]
[WhiteFideId "4198603"]
[BlackFideId "1185934"]
[EventDate "2021.03.29"]
[EventType "team"]

1. g3 h5 2. Nf3 e6 3. d4 Be7 4. h3 f5 5. c4 h4 6. g4 Nf6 7. gxf5 exf5 8. Rg1 O-O
9. Bh6 Ne8 10. Nc3 d6 11. e3 Nd7 12. Qc2 Ndf6 13. Bd3 Nh7 14. Nd5 c6 15. Nf4 Rf6
16. Bg5 Nxg5 17. Rxg5 Rh6 18. Rg1 Qa5+ 19. Ke2 Nc7 20. a3 Ne6 21. Ng6 Bf6 22. b4
Qc7 23. Bxf5 Qf7 24. Rad1 Bd7 25. c5 Rh5 26. Bg4 Rh6 27. cxd6 Rxg6 28. Bxe6 Bxe6
29. Qxg6 Qxg6 30. Rxg6 Bf5 31. Rxf6 gxf6 32. Rh1 Rd8 33. Nxh4 Be6 34. e4 Rxd6
35. Ke3 Rd7 36. Ng6 Rh7 37. h4 Kf7 38. Nf4 Bd7 39. h5 Rh6 40. Rg1 Rh8 41. f3 a6
42. Rg2 Rh7 43. e5 Bf5 44. exf6 Kxf6 45. Rg8 Re7+ 46. Kd2 Rd7 47. Ne2 Be6 48.
Rg6+ Kf7 49. Ke3 Re7 50. Kf2 Rd7 51. Rg5 Kf6 52. Rc5 Bf7 53. Ke3 Re7+ 54. Kf2
Rd7 55. Kg3 Re7 56. Nc3 Re3 57. Kf4 Rd3 58. Ne4+ Kg7 59. Ng3 Rxd4+ 60. Ke3 Rd1
61. Rg5+ Kf6 62. Ne4+ Ke7 63. Rg7 Kf8 64. h6 Rh1 65. Ng5 Bd5 66. Nh7+ Ke8 67.
Nf6+ Kf8 68. Nd7+ Ke8 69. h7 Bf7 70. Ne5 1-0

[Event "European Online CC PlayC"]
[Site "Tornelo INT"]
[Date "2021.03.29"]
[Round "3.3"]
[Board "1"]
[White "Tomashevsky, Evgeny"]
[Black "Azarov, Sergei"]
[Result "1/2-1/2"]
[WhiteTitle "GM"]
[BlackTitle "GM"]
[WhiteElo "2706"]
[BlackElo "2604"]
[WhiteTeam "New Old Boys"]
[BlackTeam "Svetlana"]
[WhiteFideId "4147235"]
[BlackFideId "13501470"]
[EventDate "2021.03.29"]
[EventType "team"]

1. c4 f5 2. d4 Nf6 3. g3 e6 4. Bg2 Be7 5. Nc3 O-O 6. Nh3 d6 7. Nf4 c6 8. Nd3
Nbd7 9. Bf4 Nh5 10. O-O Nxf4 11. Nxf4 Nf6 12. d5 cxd5 13. cxd5 e5 14. Ne6 Bxe6
15. dxe6 e4 16. Qb3 Qb6 17. Qxb6 axb6 18. Rfd1 Ra5 19. e3 Re5 20. Bf1 d5 21.
Rac1 g5 22. Nb5 Rxe6 23. Rc7 Bc5 24. a3 Rf7 25. b4 Bd6 26. Rc8+ Kg7 27. Nd4 Re5
28. Bh3 g4 29. Bf1 Kg6 30. Ne2 Ree7 31. Nc3 Rc7 32. Rxc7 Bxc7 33. Bb5 Be5 34.
Nxd5 Nxd5 35. Rxd5 Kf6 36. Bd7 h5 37. Kg2 h4 38. gxh4 Rh7 39. h3 Rxh4 40. hxg4
Rxg4+ 41. Kf1 Rg7 42. a4 Rh7 43. Ke2 Rg7 44. Kf1 Rh7 45. Ke2 Rg7 46. a5 bxa5 47.
bxa5 Rh7 48. Rd1 Rh2 49. Rd5 Rh7 50. Rd1 Rh2 51. Rd5 Rh7 1/2-1/2

[Event "European Online CC PlayC"]
[Site "Tornelo INT"]
[Date "2021.03.29"]
[Round "3.3"]
[Board "2"]
[White "Agrest, Evgenij"]
[Black "Grachev, Boris"]
[Result "0-1"]
[WhiteTitle "GM"]
[BlackTitle "GM"]
[WhiteElo "2568"]
[BlackElo "2619"]
[WhiteTeam "Svetlana"]
[BlackTeam "New Old Boys"]
[WhiteFideId "1705024"]
[BlackFideId "4129199"]
[EventDate "2021.03.29"]
[EventType "team"]

1. d4 d5 2. Bf4 c5 3. e3 cxd4 4. exd4 Nc6 5. Nc3 Bf5 6. g4 Bg6 7. Nf3 e6 8. h4
h5 9. Bb5 Bb4 10. Bxc6+ bxc6 11. Ne5 Ne7 12. Bd2 Bd6 13. Nxg6 Nxg6 14. gxh5 Nxh4
15. Qg4 Nf5 16. O-O-O Qb6 17. Rhe1 O-O-O 18. Bg5 Rd7 19. Ne2 Qa5 20. Kb1 Rb7 21.
b3 Kb8 22. Rh1 Ka8 23. Bc1 Qc7 24. Rh3 Rc8 25. Bf4 c5 26. dxc5 Bxf4 27. Qxf4
Qxf4 28. Nxf4 Rxc5 29. c3 a5 30. Kb2 Rc4 31. Nd3 Re4 32. Rd2 Rc7 33. a3 Ka7 34.
b4 Kb6 35. Nc5 Rg4 36. Re2 Rxc5 37. bxc5+ Kxc5 38. Ka2 Rf4 39. Rh2 Rf3 40. Kb3
Nd4+ 0-1

[Event "European Online CC PlayC"]
[Site "Tornelo INT"]
[Date "2021.03.29"]
[Round "3.3"]
[Board "3"]
[White "Motylev, Alexander"]
[Black "Zhigalko, Andrey"]
[Result "1-0"]
[WhiteTitle "GM"]
[BlackTitle "GM"]
[WhiteElo "2641"]
[BlackElo "2517"]
[WhiteTeam "New Old Boys"]
[BlackTeam "Svetlana"]
[WhiteFideId "4121830"]
[BlackFideId "13502247"]
[EventDate "2021.03.29"]
[EventType "team"]

1. e4 e5 2. Nf3 Nc6 3. Bb5 a6 4. Ba4 b5 5. Bb3 g6 6. a4 b4 7. d4 exd4 8. Nxd4
Na5 9. Bd5 c6 10. Ba2 Bg7 11. O-O Ne7 12. c3 c5 13. Nb3 Nb7 14. cxb4 cxb4 15.
Be3 O-O 16. Bd4 a5 17. Bxg7 Kxg7 18. N1d2 d5 19. Qf3 Qb6 20. exd5 Nd6 21. Rfe1
Re8 22. Rac1 Bb7 23. Nc5 Nef5 24. Nxb7 Qxb7 25. Qd3 h5 26. g3 Rac8 27. Bc4 Qb6
28. Rxe8 Nxe8 29. b3 Nf6 30. Re1 Rc7 31. h3 Rd7 32. Nf3 Qc5 33. Rd1 Nxg3 34. Qd4
Qd6 35. Qe5 Nf5 36. Qxd6 Nxd6 37. Ne5 Rc7 38. Nc6 Nfe4 39. Nxa5 Nc5 40. Nc6 Nxc4
41. bxc4 b3 42. Rb1 Kf6 43. a5 Rb7 44. Kf1 b2 45. Ke2 Rb3 46. Kd2 g5 47. Kc2 Rf3
48. Rxb2 Rxf2+ 49. Kb1 Rxb2+ 50. Kxb2 g4 51. hxg4 hxg4 52. Nd4 Ke5 53. Ne2 f5
54. Kc3 f4 55. d6 f3 56. a6 fxe2 57. Kd2 Kf4 58. Kxe2 1-0

[Event "European Online CC PlayC"]
[Site "Tornelo INT"]
[Date "2021.03.29"]
[Round "3.3"]
[Board "4"]
[White "Kazakouski, Valery"]
[Black "Kobalia, Mikhail"]
[Result "0-1"]
[WhiteTitle "IM"]
[BlackTitle "GM"]
[WhiteElo "2476"]
[BlackElo "2587"]
[WhiteTeam "Svetlana"]
[BlackTeam "New Old Boys"]
[WhiteFideId "13507443"]
[BlackFideId "4119150"]
[EventDate "2021.03.29"]
[EventType "team"]

1. Nf3 d5 2. c4 c6 3. g3 Bg4 4. Ne5 Be6 5. cxd5 Bxd5 6. f3 f6 7. Ng4 e5 8. Nc3
Be6 9. Nf2 Ne7 10. h4 Nd5 11. Bh3 Bxh3 12. Rxh3 Be7 13. Qb3 Qd7 14. Rh1 Na6 15.
d3 Nc5 16. Qd1 O-O-O 17. Bd2 f5 18. Rc1 Kb8 19. a3 Rhe8 20. Qc2 Ne6 21. Qa4 Nb6
22. Qd1 Nd4 23. Na4 Qd5 24. Nxb6 axb6 25. Be3 Bc5 26. Kf1 e4 27. dxe4 fxe4 28.
Rxc5 bxc5 29. Bf4+ Kc8 30. Qa4 exf3 31. Qa8+ Kd7 32. Qxb7+ Ke6 33. e4 Qc4+ 34.
Kg1 Rd7 35. Qb6 Qe2 36. Qa5 Nb3 37. Qc3 Rd1+ 0-1

[Event "European Online CC PlayC"]
[Site "Tornelo INT"]
[Date "2021.03.29"]
[Round "4.1"]
[Board "1"]
[White "Vachier-Lagrave, Maxime"]
[Black "Kovalev, Vladislav"]
[Result "0-1"]
[WhiteTitle "GM"]
[BlackTitle "GM"]
[WhiteElo "2758"]
[BlackElo "2648"]
[WhiteTeam "OSG Baden Baden e.V."]
[BlackTeam "Svetlana"]
[WhiteFideId "623539"]
[BlackFideId "13504398"]
[EventDate "2021.03.29"]
[EventType "team"]

1. f4 Nh6 2. c4 e6 3. Nf3 d5 4. e3 c5 5. cxd5 exd5 6. Nc3 Nc6 7. Qb3 d4 8. exd4
cxd4 9. Ne4 Be7 10. Bb5 O-O 11. Bxc6 bxc6 12. d3 Nf5 13. O-O Be6 14. Qc2 Bd5 15.
Bd2 a5 16. b3 f6 17. Rae1 Qb6 18. Rf2 Rf7 19. h3 Bf8 20. Kh2 Rfa7 21. Rfe2 a4
22. b4 a3 23. Nc5 Bxc5 24. bxc5 Qb2 25. Bc1 Qxc2 26. Rxc2 Bxf3 27. gxf3 Kf7 28.
Kg2 Rb8 29. Kf2 Rb1 30. Rc4 Ra8 31. Rc2 Ra6 32. Rc4 Ra5 33. Rc2 Rbb5 34. Bd2 Ra8
35. Bc1 h5 36. Rc4 Raa5 37. Bd2 Rb2 38. Re2 Rab5 39. Bc1 h4 40. Rcc2 Rb1 41.
Bxa3 Rh1 42. Rb2 Ne3 0-1

[Event "European Online CC PlayC"]
[Site "Tornelo INT"]
[Date "2021.03.29"]
[Round "4.1"]
[Board "2"]
[White "Azarov, Sergei"]
[Black "Rapport, Richard"]
[Result "1/2-1/2"]
[WhiteTitle "GM"]
[BlackTitle "GM"]
[WhiteElo "2604"]
[BlackElo "2763"]
[WhiteTeam "Svetlana"]
[BlackTeam "OSG Baden Baden e.V."]
[WhiteFideId "13501470"]
[BlackFideId "738590"]
[EventDate "2021.03.29"]
[EventType "team"]

1. e4 e5 2. Nf3 Nc6 3. Bb5 Nf6 4. O-O Nxe4 5. d4 Nd6 6. dxe5 Nxb5 7. a4 Nbd4 8.
Nxd4 d5 9. Nxc6 bxc6 10. Qd3 Qd7 11. Nd2 Be7 12. Nf3 h6 13. Qc3 O-O 14. Be3 Re8
15. Rfe1 a5 16. Bc5 Bb7 17. Re3 Qg4 18. Bxe7 Rxe7 19. Nd4 Rae8 20. Rae1 c5 21.
Qxc5 Rxe5 22. h3 Rxe3 23. Rxe3 Qd1+ 24. Kh2 Rxe3 25. fxe3 Qc1 26. Nf5 Qxb2 27.
Qxc7 Kh7 28. Nd4 f6 29. c3 Ba6 30. Ne6 Qb7 31. Qxa5 Qc6 32. Nf8+ Kg8 33. Qd8
Qxa4 34. Ne6+ Kf7 35. Nc5 Qc6 36. Nxa6 Qxa6 37. Qxd5+ Ke7 38. c4 Qd6+ 39. Qxd6+
Kxd6 40. Kg3 Kc5 41. Kf4 g6 42. h4 Kxc4 43. h5 gxh5 44. Kf5 Kd3 45. Kxf6 Kxe3
46. Kg6 h4 47. Kh5 Kf2 48. Kxh4 h5 49. Kxh5 Kxg2 1/2-1/2

[Event "European Online CC PlayC"]
[Site "Tornelo INT"]
[Date "2021.03.29"]
[Round "4.1"]
[Board "3"]
[White "Bacrot, Etienne"]
[Black "Zhigalko, Andrey"]
[Result "0-1"]
[WhiteTitle "GM"]
[BlackTitle "GM"]
[WhiteElo "2678"]
[BlackElo "2517"]
[WhiteTeam "OSG Baden Baden e.V."]
[BlackTeam "Svetlana"]
[WhiteFideId "605506"]
[BlackFideId "13502247"]
[EventDate "2021.03.29"]
[EventType "team"]

1. Nf3 c5 2. e3 g6 3. d4 Bg7 4. Be2 Nf6 5. b3 O-O 6. O-O cxd4 7. exd4 Nc6 8. Bb2
d5 9. Nbd2 Bf5 10. a3 Rc8 11. Rc1 Ne4 12. b4 Bh6 13. h3 Qb6 14. c3 Rfd8 15. Qe1
e5 16. Nxe4 dxe4 17. Nd2 exd4 18. cxd4 Nxd4 19. Rxc8 Rxc8 20. Bd1 e3 21. fxe3
Nc2 22. Bxc2 Qxe3+ 23. Kh1 Rxc2 0-1

[Event "European Online CC PlayC"]
[Site "Tornelo INT"]
[Date "2021.03.29"]
[Round "4.1"]
[Board "4"]
[White "Kazakouski, Valery"]
[Black "Naiditsch, Arkadij"]
[Result "1-0"]
[WhiteTitle "IM"]
[BlackTitle "GM"]
[WhiteElo "2476"]
[BlackElo "2649"]
[WhiteTeam "Svetlana"]
[BlackTeam "OSG Baden Baden e.V."]
[WhiteFideId "13507443"]
[BlackFideId "4650891"]
[EventDate "2021.03.29"]
[EventType "team"]

1. d4 Nf6 2. Nf3 g6 3. c4 Bg7 4. g3 O-O 5. Bg2 d6 6. O-O Nbd7 7. Nc3 e5 8. e4
Re8 9. h3 exd4 10. Nxd4 Nc5 11. Re1 Bd7 12. Rb1 a5 13. b3 h6 14. Bf4 Nh7 15. Qd2
Ng5 16. Rbd1 Kh7 17. Kh2 Qc8 18. h4 Nge6 19. Be3 Ra6 20. f4 Nf8 21. Ndb5 Bg4 22.
Rc1 Rd8 23. Bd4 Bxd4 24. Nxd4 c6 25. Nc2 Be6 26. Ne3 f5 27. h5 gxh5 28. exf5 Bf7
29. f6 Ng6 30. Bh3 Qc7 31. Nf5 Nd7 32. Ne4 c5 33. Nxh6 Rf8 34. Nxf7 Rxf7 35.
Ng5+ Kg8 36. Nxf7 Kxf7 37. Qd5+ 1-0